Luis Seoane / (Registro nro. 133704)

Detalles MARC
000 -LEADER
campo de control de longitud fija 00727nam a2200229 i 4500
001 - NÚMERO DE CONTROL
campo de control 133704
003 - IDENTIFICADOR DE NÚMERO DE CONTROL
campo de control ES-MaACL
005 - FECHA Y HORA DE LA ÚLTIMA TRANSACCIÓN
campo de control 20240625125657.0
007 - CAMPO FIJO DE DESCRIPCIÓN FÍSICA--INFORMACIÓN GENERAL
campo de control de longitud fija t|
008 - DATOS DE LONGITUD FIJA--INFORMACIÓN GENERAL
campo de control de longitud fija 170628s1981 ag ac |||| |dspa d
080 ## - NÚMERO DE LA CLASIFICACIÓN DECIMAL UNIVERSAL
Número de la Clasificación Decimal Universal 7 Seoane, Luis
100 1# - ENTRADA PRINCIPAL--NOMBRE DE PERSONA
Nombre de persona Alva Negri, Tomás.
9 (RLIN) 20576
245 10 - MENCIÓN DEL TÍTULO
Título Luis Seoane /
Mención de responsabilidad, etc. por Tomás Alva Negri.
260 ## - PUBLICACIÓN, DISTRIBUCIÓN, ETC.
Lugar de publicación, distribución, etc. Buenos Aires :
Nombre del editor, distribuidor, etc. Academia Nacional de Bellas Artes,
Fecha de publicación, distribución, etc. 1981.
300 ## - DESCRIPCIÓN FÍSICA
Extensión 73 p. :
Otras características físicas il. col. y n., retr. ;
Dimensiones 30 cm.
490 1# - MENCIÓN DE SERIE
Mención de serie Monografías de artistas argentinos
504 ## - NOTA DE BIBLIOGRAFÍA, ETC.
Nota de bibliografía, etc. Bibliografía: p. 73.
600 17 - PUNTO DE ACCESO ADICIONAL DE MATERIA--NOMBRE DE PERSONA
Nombre de persona Seoane, Luis,
Fechas asociadas al nombre 1910-1979
Fuente del encabezamiento o término
9 (RLIN) 155119
830 0# - PUNTO DE ACCESO ADICIONAL DE SERIE-TÍTULO UNIFORME
Título uniforme Monografías de artistas argentinos
9 (RLIN) 219771
852 ## - LOCALIZACIÓN
Ubicación ES-MaACL
Número de control de estantería L-31733
Existencias
Estatus retirado Estado de pérdida Estado de daño No para préstamo Biblioteca de origen Biblioteca actual Ubicación en estantería Fecha de adquisición Fuente de adquisición Total de préstamos Signatura topográfica completa Código de barras Visto por última vez Precio de reemplazo Tipo de ítem Koha
        Biblioteca del Ateneo de Madrid Biblioteca del Ateneo de Madrid Depósito 2 28/06/2017     L-31733 1197801 23/02/2023 23/02/2023 Libro impreso